000
00344nam a2200145Ia 4500
003
OSt
005
20240327161612.0
008
170523s9999 xx 000 0 und d
020
_a
978-0070528987
040
_c
IIMT UNIVERSITY MEERUT
100
_a
Schilling- Donald L.
245
0
_a
Electronics Circuits
260
_a
T.M.H.
942
_2
ddc
_c
02
999
_c
12499
_d
12499